000 00511cam a2200169 a 4500
020 _a0801674492
040 _cDLC
082 0 0 _a520 MOS 1995 A030 Or.
100 1 _aFix, John D.
245 1 0 _aAstronomy :
_bjourney to the cosmic frontier /
250 _a1st ed.
260 _aSt. Louis :
_bMosby,
_cc1995.
300 _a1 v. (various pagings) :
_bill. (some col.), col. maps ;
_c29 cm.
500 _aIncludes special glasses in pocket for viewing stereoscopic drawings.
650 0 _aAstronomy.
942 _cEK
999 _c11691
_d11691